| 000 | 00442nam a2200145 i 4500 | ||
|---|---|---|---|
| 001 | 25500 | ||
| 003 | ES-MaACL | ||
| 007 | t| | ||
| 008 | 021226s1917 fr ||||1| fre d | ||
| 100 | 1 |
_aArcelín, Fabien. _922470 |
|
| 245 | 1 | 2 |
_aL'exploration radiologique des voies urinaires / _cpar Fabien Arcelín. |
| 260 |
_aParis : _bMasson y Cie, _c1917 ( _eChartres : _fDurand) |
||
| 300 |
_aVIII, 176 p. : _bil. ; _c24 cm. |
||
| 852 |
_aES-MaACL _jE-849 |
||
| 999 |
_c25500 _d25500 |
||